000 00919nam a2200277Ia 4500
003 OSt
005 20221005045444.0
006 a|||||r|||| 00| 0
007 ta
008 221004b |||||||| |||| 00| 0 eng d
020 _a8188401145
_c200
024 _a84616
037 _bIN 101, 30/03/2006, The Independent Publishers Group
_cTextual
040 _aCRL
_cCRL
_beng
041 _2eng
_aeng
082 _aX:3M24xM71, P5
100 _aHudis Peter Ed.
_9593594
245 0 _aRosa Luxemburg reader edited by Peter Hudis and Kevin B. Anderson
260 _aKharagpur
_bCornerstone Publications India
_c2005
300 _a447p.
_ccm.
650 _a ECONOMICS
650 _aMARXISM
700 _a Anderson Kevin B. Ed.
_931610
942 _hX:3M24xM71, P5
_cTEXL
_2cc
999 _c955026
_d955026